Make it real (Record no. 25022)

MARC details
000 -LEADER
fixed length control field 00940nam a22002417a 4500
003 - CONTROL NUMBER IDENTIFIER
control field OSt
005 - DATE AND TIME OF LATEST TRANSACTION
control field 20260623125010.0
008 - FIXED-LENGTH DATA ELEMENTS--GENERAL INFORMATION
fixed length control field 260623b |||||||| |||| 00| 0 eng d
020 ## - INTERNATIONAL STANDARD BOOK NUMBER
International Standard Book Number 0-325-00537-0
040 ## - CATALOGING SOURCE
Transcribing agency Chuka University
050 ## - LIBRARY OF CONGRESS CALL NUMBER
Classification number LB 1576
Item number . H69 2002
100 ## - MAIN ENTRY--PERSONAL NAME
Personal name Hoyt Linda
9 (RLIN) 28882
245 ## - TITLE STATEMENT
Title Make it real
Remainder of title strategies for success with information texts
260 ## - PUBLICATION, DISTRIBUTION, ETC.
Place of publication, distribution, etc. Portsmouth
Name of publisher, distributor, etc. Heinmann
Date of publication, distribution, etc. 2002
300 ## - PHYSICAL DESCRIPTION
Extent 319p.
Dimensions Colored illustrations
650 ## - SUBJECT ADDED ENTRY--TOPICAL TERM
Topical term or geographic name entry element Language arts [ elementary]
650 ## - SUBJECT ADDED ENTRY--TOPICAL TERM
Topical term or geographic name entry element Language arts [ middle school]
9 (RLIN) 28730
650 ## - SUBJECT ADDED ENTRY--TOPICAL TERM
Topical term or geographic name entry element English language --- compositions and exercise -- study and teaching [ elementary]
9 (RLIN) 30784
650 ## - SUBJECT ADDED ENTRY--TOPICAL TERM
Topical term or geographic name entry element English language composition and exercise-- study and teaching [ middle school]
9 (RLIN) 30785
650 ## - SUBJECT ADDED ENTRY--TOPICAL TERM
Topical term or geographic name entry element Exposition[ rhetoric]--study and teaching[ elementary]
650 ## - SUBJECT ADDED ENTRY--TOPICAL TERM
Topical term or geographic name entry element Exposition [ rhetoric ] study and teaching [ middle school]
9 (RLIN) 29050
942 ## - ADDED ENTRY ELEMENTS (KOHA)
Source of classification or shelving scheme Library of Congress Classification
Koha item type Short Loan Books
Suppress in OPAC No
Holdings
Withdrawn status Lost status Source of classification or shelving scheme Damaged status Not for loan Collection Home library Current library Shelving location Date acquired Source of acquisition Cost, normal purchase price Total Checkouts Full call number Barcode Date last seen Price effective from Koha item type
    Library of Congress Classification     General Collection Books Main Campus Library Main Campus Library General Stacks 23/06/2026 Donations From Books For Africa 2786.41   LB 1576 .H69 2002 35700/2026 23/06/2026 23/06/2026 Short Loan Books

Powered by Koha